La peculiaridad lingüística rioplatense; y su sentido histórico /

Guardado en:
Autor Principal: Castro, Américo
Formato: Libro
Publicado: Madrid : Taurus, 1961
Edición:2a. ed.
Materias:
Etiquetas: Agregar Etiqueta
Sin Etiquetas, Sea el primero en etiquetar este registro!
LEADER 00529nam a22001815a 4500
001 CEM.cems001501
005 20060214000000.0
008 130507s1961##################000#0#####d
003 CEMS
082 0 4 |a 467.9 
100 1 |a Castro, Américo 
245 1 0 |a La peculiaridad lingüística rioplatense; y su sentido histórico / 
250 |a 2a. ed. 
260 |a Madrid :  |b Taurus,  |c 1961 
300 |a 150 p. 
653 |a Español rioplatense-historia 
653 |a Linguistica 
859 |a CEMS  |b BIB. CEMS - 11 de abril  |h 467.9  |i C279a2  |p 6175.77  |t Ej.1